ბათუმის შოთა რუსთაველის სახელმწიფო უნივერსიტეტის ბიბლიოთეკა

Бурение глубоких нефтяных и газовых скважин. (ბიბ.ჩანაწერი № 38202)

000 -LEADER
fixed length control field 00659nam a2200217Ia 4500
001 - CONTROL NUMBER
control field 4192
003 - CONTROL NUMBER IDENTIFIER
control field GE_BSU
008 - FIXED-LENGTH DATA ELEMENTS--GENERAL INFORMATION
fixed length control field 181216s||||||||xx |||||||||||||| ||und||
040 ## - CATALOGING SOURCE
Transcribing agency GE_BSU
080 ## - UNIVERSAL DECIMAL CLASSIFICATION NUMBER
Universal Decimal Classification number 622.24
100 ## - MAIN ENTRY--PERSONAL NAME
Personal name Калентьев,В.А. Кулявин,В.И.
245 ## - TITLE STATEMENT
Title Бурение глубоких нефтяных и газовых скважин.
245 ## - TITLE STATEMENT
Statement of responsibility, etc. Ред. из-во Н.А.Круглова.
260 ## - PUBLICATION, DISTRIBUTION, ETC.
Place of publication, distribution, etc. М.
260 ## - PUBLICATION, DISTRIBUTION, ETC.
Name of publisher, distributor, etc. Недра.
260 ## - PUBLICATION, DISTRIBUTION, ETC.
Date of publication, distribution, etc. 1970.
300 ## - PHYSICAL DESCRIPTION
Extent 248стр.23см.
300 ## - PHYSICAL DESCRIPTION
Accompanying material табл.
653 ## - INDEX TERM--UNCONTROLLED
Uncontrolled term Бурение глубоких нефтяных и газовых скважин.
942 ## - ADDED ENTRY ELEMENTS (KOHA)
Koha item type წიგნი
ეგზემპლარები
Withdrawn status Lost status Damaged status Not for loan Date acquired Barcode Date last seen Price effective from Koha item type Public note
        2018-12-17 9494 2018-12-17 2018-12-17 წიგნი საცავი